| 000 | 00900nam a22002657a 4500 | ||
|---|---|---|---|
| 999 |
_c9069 _d9069 |
||
| 005 | 20180227142338.0 | ||
| 008 | 150302s2006 ec ar m r 00010 spa d | ||
| 020 | _a9789978226063 | ||
| 022 | _a13901222 | ||
| 040 |
_aCO-BoIAVH _cCO-BoIAVH _dCo-BoIAvH |
||
| 041 | _aspa | ||
| 044 | _aec | ||
| 082 | 0 | 4 |
_a577.38 _bP22 |
| 245 | 0 | 0 |
_aEl secreto para una larga vida : _bel grupo de Trabajo en Páramos del Ecuador: edición especial de sistematización/ |
| 260 | 3 |
_aQuito : _bEdiciones Abya-Yala, _c2006. |
|
| 300 |
_a81 p. : _c21 cm. |
||
| 490 |
_aPáramo _v22 |
||
| 500 | _aEdición especial de sistematización | ||
| 504 | _aIncluye bibliografías. | ||
| 650 | 6 |
_aConservación de páramos _z Ecuador |
|
| 650 | 6 |
_aPáramos _zEcuador |
|
| 650 | 6 |
_aServicios ambientales _zEcuador |
|
| 710 | 2 | _aGrupo de Trabajo en Páramos del Ecuador (GTP) | |
| 942 |
_2ddc _cLIBRO |
||